000 00375cam a22001097a 4500
008 180718b1973 xxu||||| |||| 00| 0 eng d
082 _aL9x42 Un3
245 _aInternal audit : in the civil service
_cby Civil Service Department, United Kingdom
260 _aLondon
_bHer Majesty's Stationery Office
_c1973
300 _a54+p.
700 _aUnited Kingdom. Civil Service Department
999 _c500667
_d500667